Tom and Jerry Franchise - Statistics

General Stats
  • This quiz has been taken 145 times
  • The average score is 32 of 206
Answer Stats
Type Year Name Info % Correct
Video Game 1989 Tom and Jerry Magic Bytes
80%
Video Game 1992 Tom and Jerry Hi Tech Expressions
80%
Video Game 1993 Tom and Jerry Hi Tech Expressions
80%
Video Game 1999 Tom and Jerry Majesco Entertainment
80%
Film 2021 Tom and Jerry Warner Bros.
80%
Film 1992 Tom and Jerry: The Movie Miramax Films
80%
TV Show 1975 The Tom and Jerry Show ABC
39%
TV Show 2014-Present The Tom and Jerry Show Cartoon Network / Boomerang
39%
Video Game 2006 Tom and Jerry Tales Sensory Sweep Studios
35%
TV Show 2006-2008 Tom and Jerry Tales Kids' WB
35%
Short Film 1940 Puss Gets the Boot MGM
30%
Short Film 1941 The Midnight Snack MGM
30%
TV Show 1990-1993 Tom & Jerry Kids Fox Kids
28%
Short Film 1942 Fraidy Cat MGM
26%
Short Film 1946 Solid Serenade MGM
26%
Short Film 1942 Dog Trouble MGM
24%
Short Film 1941 The Night Before Christmas MGM
24%
Short Film 1943 Baby Puss MGM
22%
Short Film 1950 Texas Tom MGM
22%
Short Film 1947 Cat Fishin' MGM
20%
Short Film 1942 Fine Feathered Friend MGM
20%
Short Film 1953 Jerry and Jumbo MGM
20%
Short Film 1945 Mouse in Manhattan MGM
20%
Short Film 1944 Mouse Trouble MGM
20%
Short Film 1942 Puss n' Toots MGM
20%
Short Film 1947 Salt Water Tabby MGM
20%
Short Film 1945 Tee for Two MGM
20%
Short Film 1942 The Bowling Alley Cat MGM
20%
Short Film 1947 The Cat Concerto MGM
20%
Short Film 1943 The Lonesome Mouse MGM
20%
Short Film 1946 The Milky Waif MGM
20%
Short Film 1944 The Million Dollar Cat MGM
20%
Short Film 1944 The Zoot Cat MGM
20%
Film 2010 Tom and Jerry Meet Sherlock Holmes Warner Bros.
20%
Short Film 1947 A Mouse in the House MGM
17%
Short Film 1952 Cruise Cat MGM
17%
Short Film 1945 Flirty Birdy MGM
17%
Short Film 1949 Heavenly Puss MGM
17%
Short Film 1954 Hic-cup Pup MGM
17%
Short Film 1947 Part Time Pal MGM
17%
Short Film 1954 Pet Peeve MGM
17%
Short Film 1955 Pup on a Picnic MGM
17%
Short Film 1946 Springtime for Thomas MGM
17%
Short Film 1943 Sufferin' Cats! MGM
17%
Short Film 1953 That's My Pup! MGM
17%
Short Film 1949 The Little Orphan MGM
17%
Short Film 1943 The Yankee Doodle Mouse MGM
17%
Film 2005 Tom and Jerry: Blast Off to Mars Warner Bros.
17%
Film 2012 Tom and Jerry: Robin Hood and His Merry Mouse Warner Bros.
17%
Video Game 1992 Tom and Jerry: The Movie Sega
17%
Film 2017 Tom and Jerry: Willy Wonka and the Chocolate Factory Warner Bros.
17%
Short Film 1956 Barbecue Brawl MGM
15%
Short Film 1956 Blue Cat Blues MGM
15%
Short Film 1947 Dr. Jekyll and Mr. Mouse MGM
15%
Short Film 1952 Fit to Be Tied MGM
15%
Short Film 1958 Happy Go Ducky MGM
15%
Short Film 1951 His Mouse Friday MGM
15%
Short Film 1950 Jerry and the Lion MGM
15%
Short Film 1951 Jerry's Cousin MGM
15%
Short Film 1949 Jerry's Diary MGM
15%
Short Film 1954 Mice Follies MGM
15%
Short Film 1954 Neapolitan Mouse MGM
15%
Short Film 1948 Old Rockin' Chair Tom MGM
15%
Short Film 1955 Pecos Pest MGM
15%
Short Film 1954 Posse Cat MGM
15%
Short Film 1948 Professor Tom MGM
15%
Short Film 1954 Puppy Tale MGM
15%
Short Film 1952 Push-Button Kitty MGM
15%
Short Film 1950 Saturday Evening Puss MGM
15%
Short Film 1944 The Bodyguard MGM
15%
Short Film 1949 The Cat and the Mermouse MGM
15%
Short Film 1945 The Mouse Comes to Dinner MGM
15%
TV Show 1980-1982 The Tom and Jerry Comedy Show CBS
15%
Short Film 1957 Timid Tabby MGM
15%
Film 2007 Tom and Jerry: A Nutcracker Tale Warner Bros.
15%
Film 2006 Tom and Jerry: Shiver Me Whiskers Warner Bros.
15%
Film 2005 Tom and Jerry: The Fast and the Furry Warner Bros.
15%
Video Game 2001 Tom and Jerry: The Magic Ring ????
15%
Film 2002 Tom and Jerry: The Magic Ring Warner Bros.
15%
Short Film 1958 Tot Watchers MGM
15%
Short Film 1946 Trap Happy MGM
15%
Short Film 1953 Two Little Indians MGM
15%
Short Film 1954 Baby Butch MGM
13%
Short Film 1951 Casanova Cat MGM
13%
Short Film 1951 Cat Napping MGM
13%
Short Film 1950 Cue Ball Cat MGM
13%
Short Film 1955 Designs on Jerry MGM
13%
Short Film 1949 Hatch Up Your Troubles MGM
13%
Short Film 1951 Jerry and the Goldfish MGM
13%
Short Film 1948 Kitty Foiled MGM
13%
Short Film 1953 Life with Tom MGM
13%
Short Film 1950 Little Quacker MGM
13%
Short Film 1952 Little Runaway MGM
13%
Short Film 1954 Little School Mouse MGM
13%
Short Film 1948 Mouse Cleaning MGM
13%
Short Film 1957 Mucho Mouse MGM
13%
Short Film 1951 Nit-Witty Kitty MGM
13%
Short Film 1949 Polka-Dot Puss MGM
13%
Short Film 1944 Puttin' on the Dog MGM
13%
Short Film 1945 Quiet Please! MGM
13%
Short Film 1958 Royal Cat Nap MGM
13%
Short Film 1950 Safety Second MGM
13%
Short Film 1951 Sleepy-Time Tom MGM
13%
Short Film 1951 Slicked-up Pup MGM
13%
Short Film 1952 The Dog House MGM
13%
Short Film 1952 The Duck Doctor MGM
13%
Short Film 1950 The Framed Cat MGM
13%
Short Film 1947 The Invisible Mouse MGM
13%
Short Film 1948 The Truce Hurts MGM
13%
Short Film 1955 Tom and Chérie MGM
13%
Film 2016 Tom and Jerry: Back to Oz Warner Bros.
13%
Film 2015 Tom and Jerry: Spy Quest Warner Bros.
13%
Short Film 1954 Touché, Pussy Cat! MGM
13%
Short Film 1962 Buddies Thicker Than Water MGM
11%
Short Film 1956 Busy Buddies MGM
11%
Short Film 1966 Catty-Cornered MGM
11%
Short Film 1954 Downhearted Duckling MGM
11%
Short Film 1966 Duel Personality MGM
11%
Short Film 1957 Feedin' the Kiddie MGM
11%
Short Film 1967 Guided Mouse-ille MGM
11%
Short Film 1953 Johann Mouse MGM
11%
Short Film 1956 Muscle Beach Tom MGM
11%
Short Film 1963 Pent-House Mouse MGM
11%
Short Film 1958 Robin Hoodwinked MGM
11%
Short Film 1952 Smitten Kitten MGM
11%
Short Film 1955 Southbound Duckling MGM
11%
Short Film 1967 Surf-Bored Cat MGM
11%
Short Film 1949 Tennis Chumps MGM
11%
Short Film 1955 That's My Mommy MGM
11%
Short Film 1964 The Cat Above and the Mouse Below MGM
11%
Short Film 1956 The Egg and Jerry MGM
11%
Short Film 1952 The Flying Cat MGM
11%
Short Film 1962 The Tom and Jerry Cartoon Kit MGM
11%
Short Film 1958 The Vanishing Duck MGM
11%
Short Film 1950 Tom and Jerry in the Hollywood Bowl MGM
11%
Short Film 1957 Tom's Photo Finish MGM
11%
Short Film 1952 Triplet Trouble MGM
11%
Short Film 1967 Advance and Be Mechanized MGM
9%
Short Film 1965 Ah, Sweet Mouse-Story of Life MGM
9%
Short Film 1965 Bad Day at Cat Rock MGM
9%
Short Film 1962 Calypso Cat MGM
9%
Short Film 1967 Cannery Rodent MGM
9%
Short Film 1962 Carmen Get It! MGM
9%
Short Film 1967 Cat and Dupli-cat MGM
9%
Short Film 1962 Dicky Moe MGM
9%
Short Film 1961 Down and Outing MGM
9%
Short Film 1956 Down Beat Bear MGM
9%
Short Film 1966 Filet Meow MGM
9%
Short Film 1965 Haunted Mouse MGM
9%
Short Film 1962 High Steaks MGM
9%
Short Film 1965 I'm Just Wild About Jerry MGM
9%
Short Film 1964 Is There a Doctor in the Mouse? MGM
9%
Short Film 1961 It's Greek to Me-ow! MGM
9%
Short Film 1966 Jerry-Go-Round MGM
9%
Short Film 1966 Jerry, Jerry, Quite Contrary MGM
9%
Short Film 1953 Just Ducky MGM
9%
Short Film 1962 Landing Stripling MGM
9%
Short Film 1966 Love Me, Love My Mouse MGM
9%
Short Film 1949 Love That Pup MGM
9%
Short Film 1966 Matinee Mouse MGM
9%
Short Film 1955 Mouse for Sale MGM
9%
Short Film 1962 Mouse into Space MGM
9%
Short Film 1964 Much Ado About Mousing MGM
9%
Short Film 1965 Of Feline Bondage MGM
9%
Short Film 1967 O-Solar-Meow MGM
9%
Short Film 1966 Puss 'n' Boats MGM
9%
Short Film 1967 Rock 'n' Rodent MGM
9%
Short Film 1957 Scat Cats MGM
9%
Short Film 1967 Shutter Bugged Cat MGM
9%
Short Film 1955 Smarty Cat MGM
9%
Short Film 1964 Snowbody Loves Me MGM
9%
Short Film 1962 Sorry Safari MGM
9%
Short Film 1961 Switchin' Kitten MGM
9%
Short Film 1962 Tall in the Trap MGM
9%
Short Film 1941 The Alley Cat MGM
9%
Short Film 1966 The A-Tom-inable Snowman MGM
9%
Short Film 1965 The Brothers Carry-Mouse-Off MGM
9%
Short Film 1965 The Cat's Me-Ouch! MGM
9%
Short Film 1956 The Flying Sorceress MGM
9%
TV Short 2001 The Mansion Cat Cartoon Network
9%
Short Film 1953 The Missing Mouse MGM
9%
Short Film 1967 The Mouse from H.U.N.G.E.R. MGM
9%
Short Film 1952 The Two Musketeers MGM
9%
Short Film 1964 The Unshrinkable Jerry Mouse MGM
9%
Short Film 1965 The Year of the Mouse MGM
9%
Video Game 2005 Tom and Jerry Food Fight ????
9%
Video Game 2000 Tom and Jerry in Fists of Furry NewKidCo / Ubi Soft
9%
Video Game 2000 Tom and Jerry in House Trap NewKidCo / Ubi Soft / Success
9%
Video Game 2002 Tom and Jerry in War of the Whiskers NewKidCo / Ubi Soft / Success
9%
Video Game 2002 Tom and Jerry in War of the Whiskers ????
9%
Video Game 2008 Tom and Jerry: Mouse Maze ????
9%
Short Film 2014 Tom and Jerry: Santa's Little Helpers Warner Bros.
9%
Film 2014 Tom and Jerry: The Lost Dragon Warner Bros.
9%
Short Film 1965 Tom-ic Energy MGM
9%
Short Film 1957 Tops with Pops MGM
9%
Short Film 1957 Give and Tyke MGM
7%
Short Film 2005 The Karate Guard Warner Bros.
7%
Video Game 1993 Tom and Jerry: Frantic Antics! Hi Tech Expressions
7%
Video Game 2003 Tom and Jerry in Infurnal Escape CinéGroupe
7%
Video Game 2000 Tom and Jerry in Mouse Attacks! Warthog Games
7%
Video Game 2001 Tom and Jerry: Mouse Hunt Conspiracy Entertainment
7%
Video Game 2007 Tom and Jerry Pinball Pursuit ????
7%
Film 2013 Tom and Jerry's Giant Adventure Warner Bros.
7%
Video Game 1991 Tom and Jerry (and Tuffy) Hi Tech Expressions
4%
Video Game 1990 Tom & Jerry: Yankee Doodle's CAT-astrophe Hi Tech Expressions
4%
Short Film 1967 Purr-Chanced to Dream MGM
2%
No matching quizzes found
Score Distribution
Percent of People with Each Score
Percentile by Number Answered
Your Score History
You have not taken this quiz